000 00881nam a2200217Ii 4500
003 JO-AjNU
008 230605s9999||||xx |||||||||||||| ||und||
017 _a2005/3416
020 _a977-358-087-3
040 _aJO-AjNU
_bara
_erda
_cJO-AjNU
041 _aara
050 1 4 _aDS63.A35.M36 2005
100 3 _aتاليف المخادمي، عبد القادر رزيق,
_eauthor
_913717
245 0 0 _aالنزاعات في القارة الأفريقية : انكسار دائم أم انحسار مؤقت = les conflis au continent africain echec permanent ou repli temoroaire
264 3 1 _aالقاهرة: دار الفجر للنشر والتوزيع
300 _a321ص
336 _atext
_btxt
_2rdacontent
337 _aunmediated
_bn
_2rdamedia
338 _avolume
_bnc
_2rdacarrier
650 4 _aالشرق الاوسط- تاريخ- القارة الافريقية
_913718
999 _aA3487
_c7055
_d7055